Abraham Lincoln : deified martyr, flesh and blood hero, and a man with warts (Record no. 61705)

MARC details
000 -CABECERA
campo de control de longitud fija 00538nam a2200193 a 4500
005 - FECHA Y HORA DE LA ÚLTIMA TRANSACCIÓN
campo de control 20210219152825.0
008 - ELEMENTOS DE LONGITUD FIJA--INFORMACIÓN GENERAL
campo de control de longitud fija 991125n 000 0 eng u
035 ## - NÚMERO DE CONTROL DEL SISTEMA
Número de control de sistema UPN01000062408
100 ## - ASIENTO PRINCIPAL--NOMBRE PERSONAL
Nombre de persona Klatt, Beverly
222 ## - TÍTULO CLAVE
Título clave CHILDREN'S LITERATURE IN EDUCATION
245 ## - MENCIÓN DE TÍTULO
Título Abraham Lincoln : deified martyr, flesh and blood hero, and a man with warts
300 ## - DESCRIPCIÓN FÍSICA
Extensión 119-129
362 ## - FECHAS DE PUBLICACIÓN Y/O DESIGNACIÓN SECUENCIAL
Fecha de publicación y/o designación secuencial 1992 23, No. 3
505 ## - NOTA DE CONTENIDO CON FORMATO PREESTABLECIDO
Nota de contenido con formato Mayo 1993
653 0# - TERMINO DE INDIZACION - NO CONTROLADO
Término no controlado BIOGRAFIA
653 0# - TERMINO DE INDIZACION - NO CONTROLADO
Término no controlado LITERATURA INFANTIL
904 ## - ELEMENTOS DE DATOS D LOCAL, LDD (RLIN)
a AC
b 000219
905 ## - TIPO DE MATERIAL
Tipo de material Articulo

No items available.